000 00738 a2200217 4500
001 64025
005 20260521160829.0
008 260521a1986 arg spa d
003 AR-UNSa-BCEJYS
040 _aAR-UNSa-BCEJYS
_bspa
_cAR-UNSa-BCEJYS
080 _a658
_xAdministración de empresas. Organización comercial
245 1 0 _aManejo de recursos administrativos
020 _a978-968-18-1978-1
264 1 _aMéxico :
_bLimusa
_c1986
300 _a286 p.
_c23 cm.
505 _a1. Introducción – 2. El proceso de administración de recursos – 3. Sistemas de administración de recursos – 4. Conclusiones –
041 _aspa
942 _cBK
590 _aniveau_biblio:m niveau_hierar:0
100 1 _aBender, Paul S.
999 _c36502
_d36502